FAO legislative study N.45 Legal aspects of international joint ventures in agriculture
Αποθηκεύτηκε σε:
| Κύριος συγγραφέας: | |
|---|---|
| Μορφή: | Βιβλίο |
| Γλώσσα: | Undetermined |
| Έκδοση: |
Geneva
FAO
1990
|
| Θέματα: | |
| Ετικέτες: |
Προσθήκη ετικέτας
Δεν υπάρχουν, Καταχωρήστε ετικέτα πρώτοι!
|
| Thư viện lưu trữ: | Trung tâm Học liệu Trường Đại học Cần Thơ |
|---|
| LEADER | 00578nam a2200193Ia 4500 | ||
|---|---|---|---|
| 001 | CTU_29061 | ||
| 008 | 210402s9999 xx 000 0 und d | ||
| 082 | |a 340 | ||
| 082 | |b F218/N.45 | ||
| 100 | |a Kart Kreuzer | ||
| 245 | 0 | |a FAO legislative study N.45 | |
| 245 | 0 | |b Legal aspects of international joint ventures in agriculture | |
| 245 | 0 | |c Kart Kreuzer, FAO | |
| 260 | |a Geneva | ||
| 260 | |b FAO | ||
| 260 | |c 1990 | ||
| 650 | |a agriculture - law and legislation | ||
| 904 | |i Nguyễn Quang Điền, 990310 | ||
| 980 | |a Trung tâm Học liệu Trường Đại học Cần Thơ | ||